Subjetividad y cultura
Gorde:
| Formatua: | Texto |
|---|---|
| Argitaratua: |
Plaza y Valdes
|
| Gaiak: | |
| Etiketak: |
Etiketa erantsi
Etiketarik gabe, Izan zaitez lehena erregistro honi etiketa jartzen!
|
MARC
| LEADER | 00000 a a2200000 04500 | ||
|---|---|---|---|
| 001 | 34947 | ||
| 003 | |||
| 040 | |||
| 020 | |a 968-856-859-7 | ||
| 090 | |a 0001 S941s | ||
| 245 | |a Subjetividad y cultura | ||
| 260 | |a Plaza y Valdes | ||
| 300 | |a 118 p. |b il. | ||
| 650 | |a PATOLOGIA | ||
| 650 | |a SALUD MENTAL | ||
| 650 | |a NUTRICION | ||
| 999 | |c 10356 |d 10356 | ||



